| 000 | 01614cam a22003614a 4500 | ||
|---|---|---|---|
| 001 | 11880844 | ||
| 003 | OSt | ||
| 005 | 20121016161833.0 | ||
| 008 | 000104s2000 ne b 001 0 eng | ||
| 010 | _a 00020629 | ||
| 020 | _a9004117628 (alk. paper) | ||
| 040 |
_aDLC _cDLC |
||
| 042 | _apcc | ||
| 043 | _aa-is--- | ||
| 050 | 0 | 0 |
_aPJ6809.J4 _bP53 2000 |
| 082 | 0 | 0 |
_a492.7/709569442 _221 |
| 100 | 1 |
_aPiamenta, M. _q(Moshe) _917470 |
|
| 245 | 1 | 0 |
_aJewish life in Arabic language and Jerusalem Arabic in communal perspective : _ba lexico-semantic study / _cby Moshe Piamenta. |
| 260 |
_aLeiden ; _aBoston : _bBrill, _c2000. |
||
| 300 |
_axvi, 274, [1] p. ; _c25 cm. |
||
| 490 | 1 |
_aStudies in Semitic languages and linguistics, _x0081-8461 ; _vv. 30 |
|
| 504 | _aIncludes bibliographical references (p. [275]) and index. | ||
| 650 | 0 |
_aArabic language _xDialects _zJerusalem. _918041 |
|
| 650 | 0 |
_aArabic language _xSocial aspects _zJerusalem. _918042 |
|
| 650 | 0 |
_aHebrew language _xInfluence on Arabic. _918043 |
|
| 650 | 0 |
_aLanguages in contact _zJerusalem. _918044 |
|
| 650 | 0 |
_aLanguage and culture _zJerusalem. _918045 |
|
| 830 | 0 |
_aStudies in Semitic languages and linguistics ; _v30. _918046 |
|
| 906 |
_a7 _bcbc _corignew _d1 _eocip _f20 _gy-gencatlg |
||
| 942 |
_2lcc _cBK |
||
| 999 |
_c55194 _d55168 |
||